[Event "Politiken Cup 2007"]
[Site "Helsingor"]
[Date "2007.07.26"]
[Round "8.52"]
[White "Hansen, Anders"]
[Black "Brondum, Eric"]
[Result "1/2-1/2"]
[WhiteElo "2053"]
[BlackElo "2169"]
[PlyCount "24"]
[EventDate "2007.??.??"]

1. d4 d6 2. e4 g6 3. Nf3 Bg7 4. Bc4 a6 5. Qe2 e6 6. O-O Ne7 7. Bb3 Nd7 8. c3
O-O 9. Bf4 h6 10. Nbd2 b6 11. e5 d5 12. Rfe1 c5 1/2-1/2

[Event "Politiken Cup 2007"]
[Site "Helsingor"]
[Date "2007.07.26"]
[Round "8.53"]
[White "Gretarsson, Hjorvar Stein"]
[Black "Akdag, Dara"]
[Result "1-0"]
[WhiteElo "2168"]
[BlackElo "2053"]
[PlyCount "47"]
[EventDate "2007.??.??"]

1. c4 Nf6 2. Nc3 e6 3. e4 d5 4. e5 d4 5. exf6 dxc3 6. bxc3 Qxf6 7. Nf3 Be7 8.
d4 h6 9. Bd3 O-O 10. O-O Re8 11. Qe2 Bf8 12. Ne5 Nd7 13. f4 g6 14. Bd2 c5 15.
Rae1 Qe7 16. Qf3 Qd6 17. Be3 Rb8 18. h4 h5 19. Nxf7 Kxf7 20. Bxg6+ Kxg6 21. f5+
Kf7 22. fxe6+ Ke7 23. Bg5+ Nf6 24. Qxf6# 1-0

[Event "Politiken Cup 2007"]
[Site "Helsingor"]
[Date "2007.07.26"]
[Round "8.54"]
[White "Johansson, Alexander"]
[Black "Vas, Peter"]
[Result "1-0"]
[WhiteElo "2028"]
[BlackElo "2166"]
[PlyCount "81"]
[EventDate "2007.??.??"]

1. d4 d5 2. c4 c6 3. Nf3 Nf6 4. e3 e6 5. Bd3 dxc4 6. Bxc4 b5 7. Bd3 a6 8. Nc3
Nbd7 9. a4 b4 10. Ne4 Bb7 11. O-O c5 12. Nxf6+ Nxf6 13. a5 Qd5 14. Re1 Ne4 15.
Bf1 Bd6 16. Nd2 Nxd2 17. Bxd2 O-O 18. Rc1 cxd4 19. e4 Qxa5 20. Bc4 e5 21. Qg4
Bc8 22. Qg3 Qd8 23. Bd5 Ra7 24. Bg5 Be7 25. Bh6 Bf6 26. h4 Kh8 27. Bg5 Bd7 28.
f4 exf4 29. Qxf4 Bxg5 30. hxg5 Qb6 31. e5 Be6 32. Rc6 Qd8 33. Rd6 Rd7 34. Bxe6
Rxd6 35. exd6 fxe6 36. Qxd4 Qd7 37. Rc1 Rg8 38. Rc7 Qd8 39. Qe5 Qb8 40. Qc5 Qf8
41. d7 1-0

[Event "Politiken Cup 2007"]
[Site "Helsingor"]
[Date "2007.07.26"]
[Round "8.55"]
[White "Petersen, Steen"]
[Black "Cannon, Raymond C"]
[Result "1-0"]
[WhiteElo "2165"]
[BlackElo "2050"]
[PlyCount "105"]
[EventDate "2007.??.??"]

1. e4 d6 2. d4 Nf6 3. Nc3 g6 4. Be3 c6 5. Nf3 Bg7 6. Qd2 O-O 7. h3 Qa5 8. Bd3
Nbd7 9. Bh6 e5 10. dxe5 Nxe5 11. Nxe5 Qxe5 12. Bxg7 Kxg7 13. g4 Nd5 14. Ne2
Qxb2 15. O-O Ne7 16. f4 f5 17. Rab1 Qf6 18. g5 Qf7 19. Qc3+ Kg8 20. Bc4 d5 21.
exd5 cxd5 22. Bb3 b6 23. Rfe1 Ba6 24. Nd4 Rac8 25. Qb4 Rfe8 26. Qa4 Bc4 27.
Qxa7 Nc6 28. Nxc6 Rxc6 29. Qxf7+ Kxf7 30. Rxe8 Kxe8 31. Ba4 b5 32. Rxb5 Kd8 33.
Rb8+ Kc7 34. Rh8 Ra6 35. Rxh7+ Kd6 36. Bb3 Bxb3 37. axb3 Kc5 38. Kf2 Kd4 39.
Re7 Rc6 40. Re2 Rc3 41. Kg2 Rc6 42. c4 dxc4 43. bxc4 Kd3 44. Kf3 Ra6 45. c5 Kd4
46. h4 Ra3+ 47. Kg2 Rc3 48. h5 gxh5 49. Re5 h4 50. Kh2 Rf3 51. c6 Rxf4 52. Rc5
Re4 53. c7 1-0

[Event "Politiken Cup 2007"]
[Site "Helsingor"]
[Date "2007.07.26"]
[Round "8.56"]
[White "Preuss, Flemming"]
[Black "Andersen, Ib Hother"]
[Result "0-1"]
[WhiteElo "2013"]
[BlackElo "2162"]
[PlyCount "38"]
[EventDate "2007.??.??"]

1. e4 e5 2. Nf3 Nc6 3. d4 exd4 4. c3 dxc3 5. Nxc3 d6 6. Bc4 Nf6 7. Qb3 Qd7 8.
Ng5 Ne5 9. Bb5 c6 10. f4 cxb5 11. fxe5 Ng4 12. Nxb5 Nxe5 13. Bf4 a6 14. Bxe5
axb5 15. Rd1 f6 16. Bxd6 Bxd6 17. Rxd6 Qxd6 18. Qf7+ Kd8 19. Qxg7 Qb4+ 0-1

[Event "Politiken Cup 2007"]
[Site "Helsingor"]
[Date "2007.07.26"]
[Round "8.57"]
[White "Kaaber, Jacob"]
[Black "Rosenkilde, Alexander"]
[Result "1-0"]
[WhiteElo "2162"]
[BlackElo "2047"]
[PlyCount "45"]
[EventDate "2007.??.??"]

1. c4 Nf6 2. Nc3 c5 3. g3 g6 4. Bg2 Nc6 5. a3 Bg7 6. Rb1 a5 7. e4 O-O 8. Nge2
d6 9. d3 Rb8 10. O-O Ne8 11. Be3 e5 12. Nd5 b5 13. cxb5 Rxb5 14. Qa4 Na7 15. b4
Ba6 16. Nec3 Rb8 17. bxc5 Rxb1 18. Rxb1 Bxd3 19. Rd1 Ba6 20. cxd6 Qa8 21. Ne7+
Kh8 22. Qxa5 Nc6 23. Nxc6 1-0

[Event "Politiken Cup 2007"]
[Site "Helsingor"]
[Date "2007.07.26"]
[Round "8.58"]
[White "Thorvaldsson, Arni"]
[Black "Soraas, Torben"]
[Result "1/2-1/2"]
[WhiteElo "1947"]
[BlackElo "2155"]
[PlyCount "67"]
[EventDate "2007.??.??"]

1. e4 e6 2. d4 d5 3. Nd2 dxe4 4. Nxe4 Nd7 5. Nf3 Ngf6 6. Nxf6+ Nxf6 7. c3 c5 8.
Ne5 a6 9. Qa4+ Bd7 10. Nxd7 Nxd7 11. dxc5 Bxc5 12. Be2 O-O 13. O-O Qc7 14. Qh4
Ne5 15. Bf4 Bd6 16. Rad1 Rad8 17. Qg3 Nf3+ 18. Qxf3 Bxf4 19. g3 Be5 20. Rxd8
Rxd8 21. Rd1 Rxd1+ 22. Bxd1 g6 23. Qd3 h5 24. h4 Kg7 25. Kg2 Qb6 26. Qd2 a5 27.
Bxh5 Bxg3 28. Kxg3 gxh5 29. Qg5+ Kf8 30. Qxh5 a4 31. Qe5 Qxb2 32. h5 Qxa2 33.
h6 Qb1 34. Qg7+ 1/2-1/2

[Event "Politiken Cup 2007"]
[Site "Helsingor"]
[Date "2007.07.26"]
[Round "8.59"]
[White "Kovachev, Daniel Jakobsen"]
[Black "Knudsen, Jes West"]
[Result "1-0"]
[WhiteElo "2153"]
[BlackElo "1990"]
[PlyCount "81"]
[EventDate "2007.??.??"]

1. e4 d5 2. exd5 Nf6 3. d4 Nxd5 4. Nf3 Bg4 5. c4 Nb6 6. c5 N6d7 7. h3 Bxf3 8.
Qxf3 c6 9. Bc4 e6 10. Nc3 Qf6 11. Qg4 Qg6 12. Qxg6 hxg6 13. O-O b6 14. cxb6
axb6 15. Re1 Rh4 16. Be3 Be7 17. Bb3 Kf8 18. Rac1 Kg8 19. f3 Bf6 20. Red1 Rh5
21. Ne4 Be7 22. Bf4 Rb5 23. Rc2 c5 24. d5 e5 25. Bg5 Bf8 26. Bd2 Rxb3 27. axb3
Nf6 28. Bc3 Nbd7 29. g4 Nh7 30. Kg2 f5 31. Ng3 f4 32. Ne4 Nhf6 33. Rcc1 Nxe4
34. fxe4 b5 35. Ra1 Rxa1 36. Rxa1 b4 37. Be1 Nf6 38. Kf3 g5 39. Ra7 Ne8 40. Bf2
Nd6 41. Bxc5 1-0

[Event "Politiken Cup 2007"]
[Site "Helsingor"]
[Date "2007.07.26"]
[Round "8.60"]
[White "Helmers, Wim"]
[Black "Jorgensen, Kasper Moller"]
[Result "1-0"]
[WhiteElo "2142"]
[BlackElo "1954"]
[PlyCount "55"]
[EventDate "2007.??.??"]

1. d4 d5 2. c4 e6 3. Nc3 Nf6 4. cxd5 exd5 5. Bg5 Nbd7 6. e3 c6 7. Bd3 Bd6 8.
Qc2 h6 9. Bh4 O-O 10. Nf3 b5 11. O-O a5 12. Bg3 Bxg3 13. hxg3 Ba6 14. a3 b4 15.
Na4 Bxd3 16. Qxd3 Nb6 17. axb4 axb4 18. Nc5 Nc4 19. b3 Na3 20. Ne5 Qd6 21. Rfc1
Rfc8 22. Qf5 g6 23. Qf4 Kg7 24. Nxg6 Qxf4 25. Nxf4 Ng4 26. Nfd3 Nc2 27. Rxa8
Rxa8 28. Rxc2 1-0

[Event "Politiken Cup 2007"]
[Site "Helsingor"]
[Date "2007.07.26"]
[Round "8.61"]
[White "Andersen, Dag"]
[Black "Peschardt, Soren"]
[Result "0-1"]
[WhiteElo "1944"]
[BlackElo "2137"]
[PlyCount "88"]
[EventDate "2007.??.??"]

1. d4 f5 2. g3 Nf6 3. Nf3 e6 4. Bg2 d5 5. O-O c6 6. b3 Nbd7 7. c4 Ne4 8. Qc2
Bd6 9. Ba3 Bxa3 10. Nxa3 O-O 11. Nb1 Ndf6 12. Nc3 Bd7 13. Rad1 Be8 14. Ne5 Nxc3
15. Qxc3 Bh5 16. f3 Nd7 17. Nxd7 Qxd7 18. Rd2 Rad8 19. e3 Qe7 20. c5 Rde8 21.
b4 e5 22. dxe5 Qxe5 23. Rd3 Qxc3 24. Rxc3 Re7 25. Rd1 g5 26. a4 f4 27. g4 Bg6
28. Kf2 fxe3+ 29. Rxe3 Rxe3 30. Kxe3 Bc2 31. Ra1 Rf4 32. Kd2 Bg6 33. b5 Rc4 34.
bxc6 bxc6 35. Bf1 Rxc5 36. Bd3 Bxd3 37. Kxd3 a5 38. Re1 Kf7 39. Kd4 Rc4+ 40.
Ke5 d4 41. Kd6 d3 42. Re7+ Kf8 43. Ke6 Rd4 44. Rxh7 d2 0-1

[Event "Politiken Cup 2007"]
[Site "Helsingor"]
[Date "2007.07.26"]
[Round "8.62"]
[White "Søndergaard, Thomas"]
[Black "Nielsen, Borge Hjerrild"]
[Result "0-1"]
[WhiteElo "1778"]
[BlackElo "2121"]
[PlyCount "86"]
[EventDate "2007.??.??"]

1. e4 c6 2. d4 d5 3. exd5 cxd5 4. Bd3 Nc6 5. c3 g6 6. Ne2 Nh6 7. Nd2 Bf5 8. Bb5
a6 9. Ba4 Bg4 10. f3 Bd7 11. Ng3 Nf5 12. Qe2 Bg7 13. Bb3 Be6 14. Bc2 Nxg3 15.
hxg3 Qc7 16. Qf2 Nxd4 17. Bxg6 Nxf3+ 18. Nxf3 hxg6 19. Rxh8+ Bxh8 20. Bf4 Qa5
21. Qe3 Rc8 22. Kf2 Qc5 23. Rh1 Qxe3+ 24. Kxe3 Bg7 25. Rh7 Kf8 26. Ne5 Kg8 27.
Rh1 Bf5 28. Nf3 Be4 29. Ne1 e5 30. Bg5 f6 31. Bh6 Bb1 32. a3 Bxh6+ 33. Rxh6 Kg7
34. Rh1 Ba2 35. Rh4 Bc4 36. Kd2 g5 37. Rh1 Bb3 38. Ke3 Rc4 39. Nf3 Re4+ 40. Kf2
Bc4 41. Ng1 g4 42. Rh5 b6 43. Rh4 d4 0-1

[Event "Politiken Cup 2007"]
[Site "Helsingor"]
[Date "2007.07.26"]
[Round "8.63"]
[White "Larsen, Tor Ketil"]
[Black "Finnlaugsson, Gunnar"]
[Result "1-0"]
[WhiteElo "1694"]
[BlackElo "2116"]
[PlyCount "63"]
[EventDate "2007.??.??"]

1. e4 c5 2. Nc3 Nc6 3. f4 e6 4. Nf3 g6 5. Bb5 Nge7 6. e5 d5 7. exd6 Qxd6 8. Ne4
Qxf4 9. d3 Qc7 10. Nf6+ Kd8 11. O-O Nf5 12. Bxc6 Be7 13. Bxb7 Bxb7 14. Ne4 h6
15. Bd2 Kc8 16. Qe1 a5 17. Bc3 Rd8 18. Ne5 Bd6 19. Nxd6+ Nxd6 20. Qh4 Bd5 21.
Rf6 Qe7 22. Qf2 Rd7 23. Nxd7 Kxd7 24. Be5 Nf5 25. g4 Rg8 26. Qd2 h5 27. Qxa5
hxg4 28. Qc7+ Ke8 29. Qc8+ Qd8 30. Qxd8+ Kxd8 31. Rxf7 Nh4 32. Bf6+ 1-0

[Event "Politiken Cup 2007"]
[Site "Helsingor"]
[Date "2007.07.26"]
[Round "8.64"]
[White "Struch, Thomas"]
[Black "Rolvaag, Birk Anders"]
[Result "1-0"]
[WhiteElo "2106"]
[BlackElo "1320"]
[PlyCount "117"]
[EventDate "2007.??.??"]

1. e4 c5 2. c3 Nc6 3. d4 d5 4. exd5 Qxd5 5. Nf3 Bg4 6. Be2 e6 7. h3 Bh5 8. O-O
Nf6 9. Be3 cxd4 10. cxd4 Be7 11. Nc3 Qd8 12. Qb3 Rb8 13. Rfd1 Nd5 14. Nxd5 exd5
15. Bf4 Bd6 16. Qxd5 Bxf4 17. Qe4+ Qe7 18. Qxf4 O-O 19. Bb5 Qb4 20. Bxc6 bxc6
21. g4 Bg6 22. Ne5 Rb6 23. Nd7 Rd8 24. Nxb6 Qxb6 25. b3 h6 26. Rac1 Qa6 27. a4
Qb6 28. Qe3 a5 29. d5 Qxe3 30. fxe3 cxd5 31. Rc5 Re8 32. Kf2 Re6 33. Rdxd5 Be4
34. Rd8+ Kh7 35. Rxa5 Rf6+ 36. Ke2 Rf3 37. Rd4 Bc6 38. Rc5 Bb7 39. Rc7 Ba8 40.
h4 Rg3 41. h5 Rg2+ 42. Kd3 Bf3 43. b4 Bxg4 44. Rc5 g5 45. hxg6+ Kxg6 46. b5 h5
47. b6 Bf3 48. a5 Bb7 49. Rc7 Ba6+ 50. Kc3 Rg5 51. Kb4 Rb5+ 52. Ka4 Rb1 53. Rd2
Ra1+ 54. Kb4 Rb1+ 55. Ka3 Rb5 56. Ka4 Rb1 57. Ra7 Bb5+ 58. Ka3 Bc6 59. Rd6+ 1-0

[Event "Politiken Cup 2007"]
[Site "Helsingor"]
[Date "2007.07.26"]
[Round "8.65"]
[White "Schultz-Pedersen, Jesper"]
[Black "Valla, Martin"]
[Result "0-1"]
[WhiteElo "2204"]
[BlackElo "2033"]
[PlyCount "74"]
[EventDate "2007.??.??"]

1. d4 Nf6 2. Bg5 e6 3. Nf3 h6 4. Bxf6 Qxf6 5. e4 d5 6. e5 Qd8 7. Bd3 c5 8. O-O
Qb6 9. Qc1 cxd4 10. a3 a5 11. Nbd2 Nc6 12. Re1 Bd7 13. Rb1 a4 14. c4 dxc3 15.
bxc3 Qa7 16. c4 Bc5 17. Re2 O-O 18. cxd5 exd5 19. Rb5 b6 20. Nf1 Be6 21. Ng3
Qe7 22. Bb1 Na7 23. Rbb2 Bxa3 24. Qc2 g6 25. Rxb6 Qc5 26. Ra6 Nb5 27. Rxa8 Rxa8
28. Qd3 Qc4 29. Ra2 Be7 30. Ne2 a3 31. h3 Rc8 32. Nfd4 Nxd4 33. Nxd4 Qc1+ 34.
Kh2 Rc3 35. Qd2 Qxb1 36. Qxc3 Qxa2 37. Qc6 Qb2 0-1

[Event "Politiken Cup 2007"]
[Site "Helsingor"]
[Date "2007.07.26"]
[Round "8.68"]
[White "Leszczynski, Krzysztof"]
[Black "Nielsen, John Holm"]
[Result "1-0"]
[WhiteElo "2180"]
[BlackElo "2024"]
[PlyCount "85"]
[EventDate "2007.??.??"]

1. d4 d5 2. c4 c6 3. Nf3 Nf6 4. e3 e6 5. b3 Nbd7 6. Bd3 Bd6 7. Bb2 O-O 8. Nc3
dxc4 9. bxc4 e5 10. O-O Re8 11. Qc2 Qe7 12. Ne4 exd4 13. Nxd6 Qxd6 14. exd4 Nf8
15. Rfe1 Bg4 16. Ne5 Ng6 17. h3 Be6 18. Nxg6 hxg6 19. Bc3 Nh5 20. Qb2 Nf4 21.
Bf1 b6 22. d5 cxd5 23. Be5 Qc5 24. Bxf4 dxc4 25. Be5 f6 26. Bd4 Qc6 27. a4 Bf7
28. Qb4 Rxe1 29. Rxe1 Rd8 30. Bc3 a6 31. Rb1 Rb8 32. a5 b5 33. Rd1 Bd5 34. Qe7
Re8 35. Qa7 Re6 36. Qb8+ Kh7 37. Qd8 Rd6 38. Qf8 Rd7 39. Re1 Be4 40. h4 Bd3 41.
Re8 g5 42. h5 Kh6 43. Bxd3 1-0

[Event "Politiken Cup 2007"]
[Site "Helsingor"]
[Date "2007.07.26"]
[Round "8.69"]
[White "Danielsson, Robert"]
[Black "Rasmussen, Uffe"]
[Result "1/2-1/2"]
[WhiteElo "1973"]
[BlackElo "2136"]
[PlyCount "91"]
[EventDate "2007.??.??"]

1. Nf3 Nf6 2. c4 b6 3. g3 Bb7 4. Bg2 e6 5. O-O Be7 6. Nc3 O-O 7. d4 Ne4 8. Nxe4
Bxe4 9. Ne1 Bxg2 10. Nxg2 f5 11. b3 Bf6 12. Bb2 Nc6 13. Qd2 Ne7 14. Rac1 g5 15.
f3 Rf7 16. e4 d6 17. d5 e5 18. Qc2 f4 19. g4 h5 20. h3 hxg4 21. hxg4 a5 22. a3
Ng6 23. b4 Be7 24. Bc3 a4 25. b5 Rh7 26. Kf2 Kf7 27. Rh1 Qh8 28. Qd1 Rh3 29.
Qg1 Qh6 30. Rf1 Rh8 31. Rxh3 Qxh3 32. Ke2 Qh6 33. Rf2 Qf8 34. Qd1 Qa8 35. Qg1
Rh3 36. Qd1 Nh4 37. Nxh4 gxh4 38. Qg1 Rg3 39. Qh1 Qh8 40. Rh2 h3 41. Be1 Rg2+
42. Rxg2 hxg2 43. Qxg2 Bg5 44. Bf2 Kg7 45. Bg1 Qh4 46. Bf2 1/2-1/2

[Event "Politiken Cup 2007"]
[Site "Helsingor"]
[Date "2007.07.26"]
[Round "8.70"]
[White "Borg, Andrew"]
[Black "Nurmi, Timo"]
[Result "1/2-1/2"]
[WhiteElo "2102"]
[BlackElo "2008"]
[PlyCount "94"]
[EventDate "2007.??.??"]

1. Nf3 Nf6 2. c4 e6 3. g3 b6 4. Bg2 Bb7 5. O-O Be7 6. Nc3 Ne4 7. Nxe4 Bxe4 8.
d3 Bb7 9. e4 d6 10. Re1 Nd7 11. d4 O-O 12. Qc2 c6 13. Be3 Qc7 14. Rac1 h6 15.
h3 c5 16. d5 exd5 17. exd5 Rae8 18. Nd2 Bc8 19. Kh2 f5 20. f4 Nf6 21. Nf1 Bd8
22. Bd2 Qf7 23. Rxe8 Rxe8 24. Re1 Rxe1 25. Bxe1 Qe8 26. Bc3 Bd7 27. b3 a5 28.
Qd3 g6 29. Ne3 Kf7 30. Bf3 Qe7 31. Ng2 Qe8 32. Qe3 h5 33. Qxe8+ Nxe8 34. Ne3
Bf6 35. Bxf6 Nxf6 36. Kg2 Ke7 37. Kf2 Ke8 38. Ke2 Kd8 39. Kd2 Kc7 40. Kc3 Kd8
41. Nd1 Kc7 42. Nf2 Kd8 43. Bd1 Ke7 44. Bc2 Kf7 45. a3 b5 46. Bd1 b4+ 47. axb4
axb4+ 1/2-1/2

[Event "Politiken Cup 2007"]
[Site "Helsingor"]
[Date "2007.07.26"]
[Round "8.71"]
[White "Jensen, Michael Agermose"]
[Black "Aanstad, Magnus"]
[Result "0-1"]
[WhiteElo "2086"]
[BlackElo "1818"]
[PlyCount "76"]
[EventDate "2007.??.??"]

1. f4 d5 2. Nf3 Nf6 3. g3 c5 4. Bg2 Nc6 5. O-O e6 6. d3 Be7 7. Qe1 Bd7 8. c3
Qb6 9. Kh1 Qa6 10. h3 h6 11. Qf2 c4 12. Ne5 cxd3 13. exd3 O-O 14. d4 Nxe5 15.
fxe5 Ne4 16. Qe1 Bb5 17. Rg1 f5 18. exf6 Rxf6 19. Be3 Bd6 20. Bxe4 dxe4 21. Nd2
Raf8 22. Kh2 Bd3 23. Rg2 Rf1 24. Nxf1 Rxf1 25. Qd2 Rxa1 26. Bxh6 Qb5 27. Bf4
Bxf4 28. gxf4 Qh5 29. Qf2 Rf1 30. Qg3 Qf7 31. f5 exf5 32. Qd6 Qf8 33. Qd5+ Kh7
34. Qe5 Qf6 35. Qe8 Qd6+ 36. Rg3 Rf2+ 37. Kh1 Be2 38. Qe5 Qh6 0-1

[Event "Politiken Cup 2007"]
[Site "Helsingor"]
[Date "2007.07.26"]
[Round "8.72"]
[White "Wilsbeck, Jan B"]
[Black "Vos, Chris"]
[Result "0-1"]
[WhiteElo "1925"]
[BlackElo "2071"]
[PlyCount "54"]
[EventDate "2007.??.??"]

1. e4 c5 2. Nf3 d6 3. d4 cxd4 4. Nxd4 Nf6 5. Nc3 g6 6. Be3 Bg7 7. f3 O-O 8. Bc4
Nc6 9. Qd2 Bd7 10. O-O-O Qa5 11. Kb1 Rfc8 12. Bb3 Ne5 13. g4 Nc4 14. Bxc4 Rxc4
15. Nb3 Qa6 16. e5 Ne8 17. exd6 Bxc3 18. bxc3 Nxd6 19. h4 Qa3 20. Bd4 Ra4 21.
Qh6 f6 22. c4 Qxa2+ 23. Kc1 Rxc4 24. Rh2 Rac8 25. Bb2 Qxb3 26. Rdd2 Ba4 27. c3
Rxc3+ 0-1

[Event "Politiken Cup 2007"]
[Site "Helsingor"]
[Date "2007.07.26"]
[Round "8.73"]
[White "Andersen, Mads"]
[Black "Ziska, Andrias"]
[Result "1/2-1/2"]
[WhiteElo "2070"]
[BlackElo "1901"]
[PlyCount "101"]
[EventDate "2007.??.??"]

1. e4 c5 2. Nf3 d6 3. d4 cxd4 4. Nxd4 Nf6 5. Nc3 a6 6. Be2 e5 7. Nb3 Be7 8. Be3
Nbd7 9. a4 b6 10. O-O Bb7 11. Bf3 O-O 12. Qd2 Qc7 13. Rfd1 Rac8 14. h3 Nc5 15.
Nxc5 dxc5 16. Nd5 Nxd5 17. exd5 Bd6 18. Be2 f5 19. f3 Rce8 20. c4 a5 21. Rf1 f4
22. Bf2 Qe7 23. Bd3 Bc8 24. Rfe1 Kh8 25. Kf1 Qf6 26. Be4 g5 27. Ke2 Rf7 28. Qd3
Rg8 29. Kd2 Rfg7 30. Re2 Rf8 31. Kc2 Ra7 32. Be1 Re7 33. Bc3 Kg8 34. Rae1 Rfe8
35. b3 Rg7 36. Qd1 h5 37. Qa1 h4 38. Bd3 Rge7 39. Kd2 Kg7 40. Qb2 Bd7 41. Qa1
Bf5 42. Bxf5 Qxf5 43. Re4 Kg6 44. Qb2 Kf6 45. Qc2 Kg6 46. R4e2 Qxc2+ 47. Kxc2
Kf5 48. Re4 Rd7 49. R1e2 Rde7 50. Kd3 Rd7 51. Kc2 1/2-1/2

[Event "Politiken Cup 2007"]
[Site "Helsingor"]
[Date "2007.07.26"]
[Round "8.74"]
[White "Getz, Nicolai"]
[Black "Persson, Borje"]
[Result "1-0"]
[WhiteElo "2060"]
[BlackElo "1804"]
[PlyCount "61"]
[EventDate "2007.??.??"]

1. e4 c5 2. Nf3 e6 3. d4 cxd4 4. Nxd4 a6 5. Bd3 Nf6 6. Nc3 Qc7 7. O-O Nc6 8.
Nb3 b5 9. a3 Bb7 10. f4 d6 11. Be3 Be7 12. Kh1 O-O 13. Qe1 Kh8 14. Qg3 Na5 15.
Nxa5 Qxa5 16. Bd4 Kg8 17. Qh3 g6 18. f5 e5 19. Be3 Rfe8 20. Bg5 Qd8 21. fxg6
hxg6 22. Qf3 Kg7 23. Rf2 Rf8 24. Raf1 Ng4 25. Qxg4 Bxg5 26. Nd5 Bxd5 27. exd5
Be7 28. Rxf7+ Rxf7 29. Qxg6+ Kh8 30. Qh5+ Kg8 31. Qxf7+ 1-0

[Event "Politiken Cup 2007"]
[Site "Helsingor"]
[Date "2007.07.26"]
[Round "8.75"]
[White "Jensen, Morten Frank"]
[Black "Moustgaard, Alvin"]
[Result "1-0"]
[WhiteElo "2054"]
[BlackElo "1607"]
[PlyCount "35"]
[EventDate "2007.??.??"]

1. e4 c5 2. a3 e6 3. b4 cxb4 4. axb4 Bxb4 5. Bb2 Nf6 6. e5 Nd5 7. Ra4 Be7 8.
Na3 f6 9. Qh5+ g6 10. Qh6 Bf8 11. Qh3 d6 12. Bb5+ Nc6 13. exf6 Nxf6 14. Ne2 e5
15. Qf3 Be7 16. Qb3 Bd7 17. f4 Ne4 18. Rxe4 1-0

[Event "Politiken Cup 2007"]
[Site "Helsingor"]
[Date "2007.07.26"]
[Round "8.76"]
[White "Svane, Rasmus"]
[Black "Markgraf, Claudia"]
[Result "0-1"]
[WhiteElo "1617"]
[BlackElo "2049"]
[PlyCount "48"]
[EventDate "2007.??.??"]

1. e4 Nf6 2. e5 Nd5 3. d4 d6 4. Nf3 Bg4 5. Be2 e6 6. O-O Nc6 7. c4 Nb6 8. Nbd2
dxe5 9. dxe5 Bb4 10. Re1 O-O 11. b3 Bc3 12. Rb1 Bf5 13. Ba3 Bxb1 14. Bxf8 Bf5
15. Ba3 Nxe5 16. Nxe5 Bxd2 17. Rf1 Bc3 18. Nd3 Qh4 19. Qc1 Bd4 20. c5 Nd5 21.
c6 b6 22. Qc4 b5 23. Qc1 Nc3 24. Nf4 Qxf4 0-1

[Event "Politiken Cup 2007"]
[Site "Helsingor"]
[Date "2007.07.26"]
[Round "8.77"]
[White "Jensen, Ib"]
[Black "Guttulsrud, Odd Martin"]
[Result "1-0"]
[WhiteElo "2047"]
[BlackElo "1426"]
[PlyCount "50"]
[EventDate "2007.??.??"]

1. d4 d5 2. Nf3 Nf6 3. Bf4 e6 4. e3 Bd6 5. Ne5 O-O 6. Bd3 c5 7. c3 Nc6 8. Nd2
Qc7 9. Ndf3 Nd7 10. Ng5 Nf6 11. Ng4 Bxf4 12. Nxf6+ gxf6 13. Qh5 Rd8 14. Nxh7
Kg7 15. exf4 Qxf4 16. h4 Qh6 17. Qg4+ Kh8 18. Qf3 Kg7 19. g4 e5 20. g5 fxg5 21.
hxg5 Qe6 22. Qf6+ Kg8 23. O-O-O Ne7 24. dxe5 Bd7 25. Nf8 Ng6 1-0

[Event "Politiken Cup 2007"]
[Site "Helsingor"]
[Date "2007.07.26"]
[Round "8.78"]
[White "Sjol, Henrik"]
[Black "Mikkelsen, Nikolaj"]
[Result "0-1"]
[WhiteElo "1904"]
[BlackElo "2303"]
[PlyCount "54"]
[EventDate "2007.??.??"]

1. e4 g6 2. d4 Bg7 3. Nf3 d6 4. c4 e5 5. Nc3 Nc6 6. d5 Nce7 7. b4 f5 8. Nd2 Nf6
9. f3 O-O 10. Be2 c6 11. Qb3 cxd5 12. cxd5 Kh8 13. Nc4 fxe4 14. fxe4 b5 15. Nd2
Qb6 16. Nf1 Ng4 17. Nd1 Qd4 18. Bb2 Qxe4 19. Nd2 Qxd5 20. Bf3 Qxb3 21. axb3 d5
22. h3 Nh6 23. Nc3 e4 24. Be2 Nhf5 25. g4 Nd4 26. Kd1 Nxe2 27. Kxe2 d4 0-1

[Event "Politiken Cup 2007"]
[Site "Helsingor"]
[Date "2007.07.26"]
[Round "8.81"]
[White "Christensen, Emilie Ellegaard"]
[Black "Flindt, Thomas"]
[Result "1/2-1/2"]
[WhiteElo "1880"]
[BlackElo "2196"]
[PlyCount "111"]
[EventDate "2007.??.??"]

1. d4 Nf6 2. c4 e5 3. dxe5 Ng4 4. Nf3 Nc6 5. Bf4 Bb4+ 6. Nbd2 Qe7 7. a3 Ngxe5
8. Nxe5 Nxe5 9. e3 Bxd2+ 10. Qxd2 O-O 11. Be2 d6 12. O-O Be6 13. Qc3 Ng6 14.
Bg3 f5 15. Bf3 Rab8 16. Rfe1 Qg5 17. Qd4 b6 18. b4 Rbe8 19. Bd5 h5 20. h3 h4
21. Bh2 Kh7 22. Bxe6 Rxe6 23. Qd3 Ne5 24. Qe2 Ng6 25. Qd3 Rfe8 26. Kf1 Kh8 27.
Qd5 Re4 28. c5 bxc5 29. bxc5 Rd8 30. cxd6 cxd6 31. Qa5 Rd7 32. Rad1 Qf6 33. Rd5
Ne7 34. Rd3 d5 35. Red1 Rc4 36. Qb5 Rd8 37. Qb7 Rc2 38. Qxa7 Qb2 39. Bg1 Ng6
40. Qd4 Qb5 41. Ke1 f4 42. R3d2 Rc4 43. Qd3 Qc6 44. Qe2 fxe3 45. fxe3 Re4 46.
Rd4 Nf4 47. Qb2 Qg6 48. Rxe4 Qxe4 49. Qd4 Nxg2+ 50. Kd2 Qf5 51. Qg4 Qf6 52. Ke2
Rb8 53. Qh5+ Kg8 54. Qxd5+ Kh8 55. Qh5+ Kg8 56. Qd5+ 1/2-1/2

[Event "Politiken Cup 2007"]
[Site "Helsingor"]
[Date "2007.07.26"]
[Round "8.82"]
[White "Christensen, Janus"]
[Black "Korley, Kassa"]
[Result "1-0"]
[WhiteElo "2137"]
[BlackElo "1900"]
[PlyCount "85"]
[EventDate "2007.??.??"]

1. d4 Nf6 2. c4 g6 3. Nc3 Bg7 4. g3 O-O 5. Bg2 c6 6. e4 d6 7. Bg5 h6 8. Bxf6
exf6 9. Nge2 f5 10. O-O fxe4 11. Nxe4 Bf5 12. Qb3 Qc7 13. Rad1 Nd7 14. N2c3 a6
15. Qa3 Qb6 16. Nxd6 Bg4 17. c5 Qc7 18. f3 Be6 19. Rfe1 Nf6 20. f4 Nd5 21. Nxd5
cxd5 22. Qb3 Qc6 23. Qd3 Qd7 24. b4 b5 25. Qb3 Qc6 26. g4 Rad8 27. f5 Rxd6 28.
cxd6 gxf5 29. gxf5 Bxf5 30. Qxd5 Qxd5 31. Bxd5 Rd8 32. Rf1 Bg6 33. Bb7 Rxd6 34.
d5 Be5 35. Rfe1 f6 36. Rc1 Bf7 37. Rc6 Rd7 38. Rc8+ Kg7 39. Bc6 Rd6 40. Rd1 Bc3
41. Rd3 Bxb4 42. Rg3+ Kh7 43. Rc7 1-0

[Event "Politiken Cup 2007"]
[Site "Helsingor"]
[Date "2007.07.26"]
[Round "8.83"]
[White "Tudvad, Mads"]
[Black "Nielsen, Jacob Woge"]
[Result "0-1"]
[WhiteElo "1873"]
[BlackElo "2111"]
[PlyCount "82"]
[EventDate "2007.??.??"]

1. d4 Nf6 2. Nf3 g6 3. e3 Bg7 4. b3 c5 5. Bb2 cxd4 6. exd4 d5 7. Be2 Nc6 8. O-O
O-O 9. a4 Bf5 10. Bb5 Rc8 11. c3 Ne4 12. Nbd2 Nxd2 13. Qxd2 Na5 14. Ra3 Qb6 15.
b4 Nc4 16. Bxc4 Rxc4 17. Rb3 Qc7 18. Qe3 Bc2 19. Ra3 a5 20. bxa5 Ra8 21. Nd2
Rxa4 22. Rxa4 Bxa4 23. Ba3 e5 24. dxe5 Qxe5 25. Qb6 Qxc3 26. Qxb7 Qxa5 27. Bb4
Qd8 28. Be7 Rb8 29. Qa7 Qe8 30. Nf3 Ra8 31. Qc7 Rc8 32. Qb7 Bc6 33. Qa7 d4 34.
Re1 Bxf3 35. gxf3 Qc6 36. Bb4 Qxf3 37. Qd7 Qa8 38. Re7 h5 39. Bd2 Rf8 40. Bb4
Qf3 41. Re8 Rxe8 0-1

[Event "Politiken Cup 2007"]
[Site "Helsingor"]
[Date "2007.07.26"]
[Round "8.84"]
[White "Lubbers, Johan"]
[Black "Hernandez Castro, Julio Cesar"]
[Result "1-0"]
[WhiteElo "2077"]
[BlackElo "1898"]
[PlyCount "79"]
[EventDate "2007.??.??"]

1. d4 Nf6 2. c4 g6 3. Nc3 Bg7 4. e4 d6 5. f4 O-O 6. Nf3 c5 7. d5 e6 8. Be2 exd5
9. cxd5 Bg4 10. O-O Nbd7 11. h3 Bxf3 12. Bxf3 Qa5 13. Re1 Rfe8 14. g4 h6 15. h4
b5 16. g5 Nh7 17. Qe2 b4 18. Nd1 Rac8 19. Ne3 hxg5 20. Nc4 Qc7 21. hxg5 Nb6 22.
Nxb6 axb6 23. Be3 Nf8 24. Rec1 Qe7 25. Rab1 Qa7 26. b3 Ra8 27. Rc2 Qe7 28. Rf1
Ra5 29. Rf2 Nd7 30. Rh2 f5 31. Qg2 fxe4 32. Bg4 Nf8 33. Qh3 Ra7 34. Rcf2 Bc3
35. f5 Qh7 36. Qg2 Qg7 37. f6 Qf7 38. Qh1 Qxd5 39. Rh8+ Kf7 40. Qh6 1-0